000 01264nam2a22002771 4500
001 rc\260083
005 20030307121438.2
010 _a5-06-000093-1
_930000
035 _a(NLR Aleph) 008762012
090 _a7871136
_c7871136
100 _a20030307d1990 u |0rusy50 ca
101 0 _arus
102 _aRU
105 _aa |||||||||
200 1 _aФункционально-логическое проектирование БИС
_f[П.В. Савельев, В.В. Коняхин]
210 _d1990
215 _a155, [1] с.
_cил.
300 _aНа обл. авт.: П.В. Савельев, В.В. Коняхин
320 _aБиблиогр.: с. 154 (9 назв.)
461 0 _1001rc\260081
_12001#$aАвтоматизация проектирования БИС$e[Практ. пособие$eВ 6 кн.]$fПод ред. Г.Г. Казеннова$vКн. 2
_97841955
_cМ.
_d1990-
_fПод ред. Г.Г. Казеннова
_nВысш. школа
_o[Практ. пособие : В 6 кн.]
_tАвтоматизация проектирования БИС
_vКн. 2
701 1 _aСавельев
_bП. В.
_gПавел Васильевич
801 0 _aRU
_bNLR
_gpsbo
801 1 _aRU
_bELAR
_2rusmarc
852 _aNLR
_j89-3/16391
942 _cBOOK
980 _aNB